Word Ladder: Board Games Quiz Stats

Quiz Updated Oct 15, 2015

Also try: Game by Object
Challenge
Share
Tweet
Embed
Score 0/42 Timer 04:00
2 Plays Today
clue answer % Correct
Color made from red and whitePINK
94.1%
Floor for ice skatingRINK
93.5%
*** World domination game: ____ ***RISK
91%
To get upRISE
90.1%
*** The Game of _____ ***LIFE
89.9%
Plural of louseLICE
89.4%
Shut a door loudlySLAM
88.2%
Evergreen treePINE
88%
Starch found in Chinese dishesRICE
87.5%
*** Mouse _____ ***TRAP
86.4%
Strike the hands togetherCLAP
84.4%
*** Crime-solving game: ____ ***CLUE
82.9%
Portion of a windowPANE
82.9%
Slender; slightSLIM
81.7%
Opposite of thisTHAT
79.7%
*** Connect _____ ***FOUR
79.2%
*** ____ Shall I Be? ***WHAT
78.8%
Nonsense (slang)CRAP
77.9%
Woman's undergarmentSLIP
75.2%
Cut; trimCLIP
73.2%
Acidic tasteSOUR
70.6%
clue answer % Correct
Heavy stickCLUB
70.4%
Flat serving dishTRAY
68.6%
Moved through the airFLEW
67.6%
Run away fromFLEE
67.6%
Chimney passageFLUE
67%
Section; portionPART
63.3%
Defect; imperfectionFLAW
62.7%
British pop duoWHAM
62.4%
Fraud; hoaxSHAM
60.5%
Animal udderTEAT
57.3%
Battle; skirmishFRAY
56.6%
Strip off the skinFLAY
53.3%
Marshy, organic material used for fuelPEAT
51.7%
ChallengeDARE
50.7%
Small, hand-held missileDART
50.2%
Pronounce indistinctlySLUR
48.9%
Lively; sprightlyPERT
47.5%
Top of the headPATE
44.7%
*** Mystery _____ ***DATE
43.6%
Sniffle, sobBLUB
43.6%
Smear or smudgeBLUR
42.4%

Today's Daily Dose

Missing Word
For Dummies Books

Word Ladder
Ariana Grande

Quick Pick
1970s Authors

On This Day
June 21st II

You're not logged in!

Compare scores with friends on all Sporcle quizzes.
Join for Free
OR
Log In

You Might Also Like...

Show Comments

Extras

Top Quizzes Today


Score Distribution

Your Account Isn't Verified!

In order to create a playlist on Sporcle, you need to verify the email address you used during registration. Go to your Sporcle Settings to finish the process.

Report this User

Report this user for behavior that violates our Community Guidelines.

Details: